European General Knowledge by Letter - B - Statistics

General Stats
  • This quiz has been taken 97 times
  • The average score is 15 of 20
Answer Stats
Clue Answer % Correct
Capital and largest city of Germany Berlin
98%
Largest city and capital of Catalonia Barcelona
97%
The bell within London's clock tower, Elizabeth Tower Big Ben
97%
Famous English rock band formed in Liverpool in 1960 The {Beatles}
97%
De facto capital of the European Union Brussels
95%
Automobile manufacturer, formed in Munich BMW
84%
Language and ethnicity in Northern Spain and Southern France Basque
83%
Parisian fortress stormed in 1789 by a mob Bastille
83%
Sea south of Ukraine, east of the Balkans and north of Turkey {Black} Sea
82%
The only country in Europe that still practices the death penalty Belarus
80%
Dog breed occasionally used to represent Winston Churchill Bulldog
79%
Peninsula in southeastern Europe Balkans
71%
Form of warfare used by Germany in WWII emphasising on speed Blitzkrieg
70%
Popular sour soup, common in Eastern Europe Borscht
70%
Professional association football league in Germany Bundesliga
68%
Unflattering nickname given to English Queen, Mary Tudor Bloody Mary
61%
First democratically elected President of Russia Boris Yeltsin
61%
Queen of the Iceni tribe who led an uprising against the Romans Boudica
54%
Prior the WWI, this city was dominated by ethnic Hungarians and Germans Bratislava
31%
Birthplace of Adolf Hitler Braunau am Inn
13%
No matching quizzes found
Score Distribution
Percent of People with Each Score
Percentile by Number Answered
Your Score History
You have not taken this quiz